Scorpions

Bibliographic Details
Main Author: MYERS, Walter Dean
Format: Book
Published: London : William Collins Sons , 1990
Subjects:

MARC

LEADER 00000cam a2200000 7i4500
001 0000003341
002 000003605
005 20000330.0
020 |a 000184789G 
090 0 0 |a JF   |b MYE 
100 1 |a MYERS, Walter Dean 
245 1 0 |a Scorpions   |c Walter Dean Myers 
260 |a London :   |b William Collins Sons ,   |c 1990 
300 |a 216p. ;   |c 22cm. 
650 0 0 |a Children's stories 
999 |a 031315   |b BUKU   |c JUNIOR FICTION   |e PERPUSTAKAAN KOMUNITI PETALING JAYA